000 00617nam a2200253Ia 4500
005 20260121153757.0
008 008 260114s9999 xx 000 0 eng d
020 _a9780203895498
037 _aEBOOK
040 _aCRL
040 _beng
040 _cCRL
041 _2eng
041 _aeng
084 _qCRL
100 _aDerick Fay; Deborah James
_9998989
245 4 _aThe Rights and Wrongs of Land Restitution
260 _bTaylor and Francis
260 _c2009
856 _uhttp://www.taylorfrancis.com/books/9780203895498
942 _cEBOOK
999 _c1565810
_d1565810